Miesto a význam Finančného riaditeľstva SR ako súčasti finančnej správy diplomová práca

Saved in:
Bibliographic Details
Main Author: Vojtková, Dorota
Corporate Author: Národohospodárska fakulta EU. Katedra financií
Other Authors: Ihnatišinová, Denisa, 1983-
Format: Book
Language:Slovak
Published: Bratislava 2021
Tags: Add Tag
No Tags, Be the first to tag this record!

MARC

LEADER 00000nbm a2200000 4500
001 0274222
005 20220104093237.7
041 0 |a slo 
044 |a SK 
245 1 0 |a Miesto a význam Finančného riaditeľstva SR ako súčasti finančnej správy  |b diplomová práca  |c Dorota Vojtková ; školiteľ: Denisa Ihnatišinová 
264 1 |a Bratislava  |c 2021 
300 |a 81 s. 
100 1 |a Vojtková, Dorota 
700 1 |a Ihnatišinová, Denisa, 1983- 
710 2 |a Národohospodárska fakulta EU. Katedra financií